Historia general de los hechos de los castellanos : en las islas, y tierra firme de el mar occeano /
Estudio extenso sobre la conquista y el establecimiento de las colonias españolas en América. La obra consta de diez volúmenes, aunque en el caso de la biblioteca son cinco, pues cada dos volúmenes de los originales están empastados en uno.
Na minha lista:
| Autor principal: | |
|---|---|
| Formato: | Livro |
| Idioma: | espanhol |
| Assuntos: | |
| Tags: |
Sem tags, seja o primeiro a adicionar uma tag!
|
MARC
| LEADER | 00000nam^a2200000^a^4500 | ||
|---|---|---|---|
| 001 | 000103846 | ||
| 005 | 20250521000000.0 | ||
| 009 | 20260310093403.354 | ||
| 037 | |a Acervo ITESO - Biblioteca | ||
| 041 | |a ESP | ||
| 082 | |a 980. 013 |b HER | ||
| 100 | |a Herrera, Antonio de |e (autor) | ||
| 245 | 1 | 0 | |a Historia general de los hechos de los castellanos : |b en las islas, y tierra firme de el mar occeano / |c A. de Herrera ; pról. de J. Natalicio González. |
| 264 | |a Asunción, Paraguay : |b Guaranía, |c 1945-1947 | ||
| 300 | |a 5 v. | ||
| 336 | |a texto |b txt |2 rdacontenido | ||
| 337 | |a sin mediación |b n |2 rdamedio | ||
| 338 | |a volumen |b nc |2 rdasoporte | ||
| 520 | |a Estudio extenso sobre la conquista y el establecimiento de las colonias españolas en América. La obra consta de diez volúmenes, aunque en el caso de la biblioteca son cinco, pues cada dos volúmenes de los originales están empastados en uno. | ||
| 649 | |a XX | ||
| 650 | |a América - |x Historia - |y Descubrimiento y Exploración | ||
| 650 | |a América - |x Historia - |y Epoca Colonial | ||
| 650 | |a Descubrimientos Geográficos - |z América | ||
| 650 | |a Viajes y Travesías - |z América | ||
| 910 | |a Fondo Jesús Rodríguez | ||
| 920 | |a Impresos - Libros | ||
| 930 | |a Fondos Especiales | ||
| 905 | |a 113 | ||
| 901 | |a 0500039613 |b IT2 |c ESP |u 20250521 | ||
| 901 | |a 0500039612 |b IT2 |c ESP |u 20250521 | ||
| 901 | |a 0500039615 |b IT2 |c ESP |u 20250521 | ||
| 901 | |a 0500039270 |b IT2 |c ESP |u 20250521 | ||
| 901 | |a 0500039616 |b IT2 |c ESP |u 20250521 | ||
| 902 | |a https://opac.biblio.iteso.mx/vufind/Record/000103846 | ||